[Event "Turkey Cup 2020"]
[Site "Antalya-Belek"]
[Date "2020.01.26"]
[Round "1.72"]
[White "Mutlu, Bunyamin"]
[Black "Kirali, Mehmet"]
[Result "0-1"]
[WhiteElo "1460"]
[BlackElo "1890"]
[Annotator "NA"]
[PlyCount "74"]
[EventDate "2020.01.26"]
[EventType "swiss"]
[EventCountry "TUR"]
[SourceTitle "playchess.com"]
[Source "ChessBase"]
[SourceQuality "1"]

1. e4 e5 2. Nf3 Nc6 3. Bb5 a6 4. Ba4 Nf6 5. O-O b5 6. Bb3 Be7 7. Re1 O-O 8. h3 d6 9. c3 Na5 10. Bc2 c5 11. d3 Qc7 12. Nbd2 Re8 13. Nf1 Bf8 14. Bg5 Nd7 15. Ne3 Nb6 16. Rc1 Be7 17. Bxe7 Qxe7 18. d4 Nac4 19. Nd5 Nxd5 20. exd5 Nxb2 21. Bxh7+ Kxh7 22. Qc2+ Kg8 23. Qxb2 Bb7 24. dxe5 Bxd5 25. exd6 Qxd6 26. Qd2 Qc6 27. Ne5 Qb7 28. f3 Rad8 29. Qf2 Qc7 30. Nd3 c4 31. Nb4 Bb7 32. Rxe8+ Rxe8 33. Rd1 Qe5 34. Qb6 Bxf3 35. gxf3 Qg3+ 36. Kf1 Qxf3+ 37. Qf2 Qxd1+ 0-1

[Event "Turkey Cup 2020"]
[Site "Antalya-Belek"]
[Date "2020.01.26"]
[Round "1.73"]
[White "Duran, Esma Doga"]
[Black "Kilic, Emrah"]
[Result "1-0"]
[WhiteElo "1877"]
[BlackElo "1478"]
[Annotator "NA"]
[PlyCount "93"]
[EventDate "2020.01.26"]
[EventType "swiss"]
[EventCountry "TUR"]
[SourceTitle "playchess.com"]
[Source "ChessBase"]
[SourceQuality "1"]

1. d4 c6 2. c4 b5 3. e4 bxc4 4. Bxc4 d5 5. Bd3 Bb7 6. Nc3 e6 7. Nf3 Bb4 8. O-O Bxc3 9. bxc3 Nd7 10. Rb1 Qc7 11. Ba3 c5 12. exd5 Bxd5 13. c4 Bb7 14. d5 exd5 15. cxd5 Bxd5 16. Re1+ Kf8 17. Bb5 Ngf6 18. Bxd7 Qxd7 19. Bxc5+ Kg8 20. Re7 Qf5 21. Re5 Bxf3 22. Rxf5 Bxd1 23. Rxd1 h6 24. Be7 Ne4 25. f3 Nc3 26. Rd3 Rc8 27. Rc5 Rxc5 28. Bxc5 Nxa2 29. Ra3 Nc1 30. Be3 Kh7 31. Bxc1 Rd8 32. Be3 g5 33. Rxa7 Kg6 34. Ra6+ f6 35. g4 Rd7 36. Kf2 Rd8 37. Bc5 Rd7 38. Ke3 Rb7 39. Bd4 Rf7 40. Ke4 Re7+ 41. Kd5 Re2 42. Rxf6+ Kh7 43. Rf7+ Kg8 44. Rg7+ Kf8 45. Rh7 Rxh2 46. Ke6 Re2+ 47. Be5 1-0

[Event "Turkey Cup 2020"]
[Site "Antalya-Belek"]
[Date "2020.01.26"]
[Round "1.74"]
[White "Savli, Sadrettin"]
[Black "Yasin, Hur"]
[Result "0-1"]
[WhiteElo "1436"]
[BlackElo "1936"]
[Annotator "NA"]
[PlyCount "68"]
[EventDate "2020.01.26"]
[EventType "swiss"]
[EventCountry "TUR"]
[SourceTitle "playchess.com"]
[Source "ChessBase"]
[SourceQuality "1"]

1. e4 c5 2. Nf3 a6 3. g3 g6 4. Bg2 Bg7 5. c3 Nc6 6. d3 e5 7. a3 Nge7 8. Be3 b6 9. Nbd2 d6 10. Rb1 O-O 11. b4 h6 12. Qb3 Be6 13. Qb2 f5 14. exf5 gxf5 15. Nb3 e4 16. dxe4 fxe4 17. Nfd2 cxb4 18. axb4 Nxb4 19. O-O Nd3 20. Qc2 d5 21. Bd4 Ne5 22. Qb2 N7c6 23. Qa2 Nf3+ 24. Nxf3 exf3 25. Bh1 Nxd4 26. cxd4 a5 27. Rfe1 Bf5 28. Rbc1 Bd3 29. Nd2 Be2 30. Qa3 Qf6 31. h4 Ra7 32. Qb3 Rd7 33. Qc3 Qxd4 34. Qc6 Qxf2+ 0-1

[Event "Turkey Cup 2020"]
[Site "Antalya-Belek"]
[Date "2020.01.26"]
[Round "1.75"]
[White "Hatipli, Mehmet"]
[Black "Uslu, Mehmet"]
[Result "1-0"]
[WhiteElo "1873"]
[BlackElo "1402"]
[Annotator "NA"]
[PlyCount "55"]
[EventDate "2020.01.26"]
[EventType "swiss"]
[EventCountry "TUR"]
[SourceTitle "playchess.com"]
[Source "ChessBase"]
[SourceQuality "1"]

1. e4 d5 2. exd5 Nf6 3. d4 Bg4 4. Nf3 Qxd5 5. Be2 Nc6 6. c4 Qf5 7. O-O O-O-O 8. Be3 e5 9. d5 e4 10. Nd4 Nxd4 11. Bxd4 Qh5 12. Bxg4+ Qxg4 13. Nc3 Qf5 14. Qc2 Re8 15. f3 Bd6 16. fxe4 Qh5 17. g3 Qg4 18. c5 Bxg3 19. hxg3 Nxe4 20. Nxe4 Rxe4 21. Bf2 Re2 22. Qb3 h5 23. c6 b6 24. Rfe1 Rd2 25. Rad1 Rxd1 26. Qxd1 Qh3 27. Qe2 Rd8 28. Qa6+ 1-0

[Event "Turkey Cup 2020"]
[Site "Antalya-Belek"]
[Date "2020.01.26"]
[Round "1.76"]
[White "Atabey, Koray Ibrahim"]
[Black "Caner, Resul"]
[Result "0-1"]
[WhiteElo "1450"]
[BlackElo "1932"]
[Annotator "NA"]
[PlyCount "122"]
[EventDate "2020.01.26"]
[EventType "swiss"]
[EventCountry "TUR"]
[SourceTitle "playchess.com"]
[Source "ChessBase"]
[SourceQuality "1"]

1. e4 e6 2. d4 d5 3. exd5 exd5 4. Nf3 Bd6 5. Bd3 Ne7 6. O-O Nbc6 7. c3 Bg4 8. Nbd2 Qd7 9. Re1 O-O-O 10. b4 Ng6 11. b5 Nce7 12. Qa4 Kb8 13. Ne5 Bxe5 14. dxe5 Bf5 15. Bxf5 Nxf5 16. Nf3 Rde8 17. Ba3 a6 18. Rab1 f6 19. e6 Rxe6 20. Rxe6 Qxe6 21. bxa6 b6 22. Re1 Ne5 23. Kf1 Qc6 24. Qxc6 Nxc6 25. Re6 Nd8 26. Re1 h5 27. h3 Ka7 28. g4 hxg4 29. hxg4 Rh1+ 30. Kg2 Rxe1 31. Nxe1 Nh6 32. Kg3 c5 33. Bc1 Nhf7 34. f4 Kxa6 35. Nf3 Nc6 36. Nh4 Ne7 37. Nf3 Kb5 38. Nd2 Nd6 39. Kf3 Nc4 40. Ke2 Nxd2 41. Kxd2 Kc4 42. Kc2 Nc6 43. Be3 d4 44. cxd4 cxd4 45. Bg1 Nb4+ 46. Kb2 Nd3+ 47. Kc2 Nxf4 48. Bh2 Nd5 49. g5 fxg5 50. Be5 g6 51. a3 g4 52. Kd2 b5 53. Bd6 Ne3 54. Bf4 Nf5 55. Be5 g3 56. Ke1 Kd3 57. Bf4 Ke4 58. Bg5 Kf3 59. Kf1 d3 60. Bd2 g2+ 61. Kg1 Nd4 0-1

[Event "Turkey Cup 2020"]
[Site "Antalya-Belek"]
[Date "2020.01.26"]
[Round "1.77"]
[White "Danaci, Ege"]
[Black "Bulut, Nazim"]
[Result "1-0"]
[WhiteElo "1974"]
[BlackElo "1506"]
[Annotator "NA"]
[PlyCount "43"]
[EventDate "2020.01.26"]
[EventType "swiss"]
[EventCountry "TUR"]
[SourceTitle "playchess.com"]
[Source "ChessBase"]
[SourceQuality "1"]

1. e4 e5 2. Nf3 Nc6 3. Bb5 Bd6 4. d4 Nge7 5. d5 Nb8 6. O-O O-O 7. Re1 c6 8. Bf1 b5 9. a4 bxa4 10. Rxa4 a5 11. Na3 Na6 12. Nc4 Nc5 13. Ra1 Qc7 14. dxc6 Nxe4 15. Rxe4 f5 16. Re1 e4 17. Qxd6 Qxd6 18. Nxd6 Nxc6 19. Bc4+ Kh8 20. Ng5 Ne5 21. Ngf7+ Kg8 22. Nxe5+ 1-0

[Event "Turkey Cup 2020"]
[Site "Antalya-Belek"]
[Date "2020.01.26"]
[Round "1.78"]
[White "Ipek, Suat Sukru"]
[Black "Subasi, Cagrican"]
[Result "1-0"]
[WhiteElo "1561"]
[BlackElo "1861"]
[Annotator "NA"]
[PlyCount "81"]
[EventDate "2020.01.26"]
[EventType "swiss"]
[EventCountry "TUR"]
[SourceTitle "playchess.com"]
[Source "ChessBase"]
[SourceQuality "1"]

1. e4 e5 2. Nf3 Nc6 3. Bc4 Nf6 4. d3 Bc5 5. c3 d6 6. h3 Be6 7. Bxe6 fxe6 8. Qb3 Qc8 9. O-O O-O 10. Nbd2 h6 11. Nc4 Rb8 12. a4 a6 13. Qc2 b5 14. axb5 axb5 15. Na5 Nxa5 16. Rxa5 Bb6 17. Ra1 Nh5 18. d4 exd4 19. Nxd4 c6 20. Be3 Nf6 21. Qd3 Kh8 22. b4 Re8 23. Kh1 Qb7 24. Rfe1 Rbd8 25. f3 Nd7 26. f4 Nf8 27. Qe2 g6 28. Nf3 Ra8 29. Rad1 Red8 30. Kh2 Kh7 31. Nd4 Ra3 32. Qd2 Rda8 33. f5 exf5 34. Bxh6 Bxd4 35. cxd4 Ra2 36. Qf4 Ne6 37. Qh4 Rh8 38. exf5 c5 39. d5 Nd4 40. Bd2+ Kg7 41. Re7+ 1-0

[Event "Turkey Cup 2020"]
[Site "Antalya-Belek"]
[Date "2020.01.26"]
[Round "1.79"]
[White "Sar, Can"]
[Black "Mercanli, Abdullah Gokturk"]
[Result "1-0"]
[WhiteElo "1891"]
[BlackElo "1474"]
[Annotator "NA"]
[PlyCount "63"]
[EventDate "2020.01.26"]
[EventType "swiss"]
[EventCountry "TUR"]
[SourceTitle "playchess.com"]
[Source "ChessBase"]
[SourceQuality "1"]

1. e4 c5 2. Nf3 g6 3. d4 cxd4 4. Qxd4 Nf6 5. Bb5 a6 6. Ba4 b5 7. Bb3 Nc6 8. Qd3 d6 9. a4 Rb8 10. axb5 axb5 11. Nc3 b4 12. Nd5 e6 13. Nxf6+ Qxf6 14. O-O Ne5 15. Ba4+ Nd7 16. Be3 e5 17. Bg5 Qg7 18. Bc6 f6 19. Be3 Bb7 20. Qd5 Bxc6 21. Qxc6 Be7 22. Ra7 Bd8 23. Qxd6 Qe7 24. Qc6 Bb6 25. Bxb6 Rxb6 26. Qa4 Rf8 27. Nd2 Rb8 28. Nc4 Rd8 29. Rd1 Qe6 30. Qb5 Ke7 31. Nb6 Qxb6 32. Qxb6 1-0

[Event "Turkey Cup 2020"]
[Site "Antalya-Belek"]
[Date "2020.01.26"]
[Round "1.80"]
[White "Karakaya, Mehmet"]
[Black "Demir, Bilal"]
[Result "1/2-1/2"]
[WhiteElo "1367"]
[BlackElo "1964"]
[Annotator "NA"]
[PlyCount "67"]
[EventDate "2020.01.26"]
[EventType "swiss"]
[EventCountry "TUR"]
[SourceTitle "playchess.com"]
[Source "ChessBase"]
[SourceQuality "1"]

1. e4 e6 2. d4 d5 3. Nc3 Bb4 4. exd5 exd5 5. Bd2 Nc6 6. Nf3 Bg4 7. Bb5 Nge7 8. Bxc6+ Nxc6 9. Qe2+ Be7 10. Qb5 O-O 11. Qxd5 Nb4 12. Qxd8 Rfxd8 13. O-O-O Bxf3 14. gxf3 Rxd4 15. Be3 Rxd1+ 16. Rxd1 Rd8 17. Rxd8+ Bxd8 18. Bf4 c6 19. Kd2 f5 20. a3 Na6 21. Be3 b6 22. Ne2 c5 23. c4 Kf7 24. Nc3 Nc7 25. Bf4 Ne6 26. Bb8 a6 27. b4 cxb4 28. axb4 Nd4 29. Nd5 Nc6 30. Bf4 a5 31. b5 Ne7 32. Nc7 g5 33. Bd6 Nc8 34. Be5 1/2-1/2

[Event "Turkey Cup 2020"]
[Site "Antalya-Belek"]
[Date "2020.01.26"]
[Round "1.81"]
[White "Celebi, Orhan"]
[Black "Kalinoglu, Yagiz"]
[Result "1/2-1/2"]
[WhiteElo "1834"]
[BlackElo "1304"]
[Annotator "NA"]
[PlyCount "116"]
[EventDate "2020.01.26"]
[EventType "swiss"]
[EventCountry "TUR"]
[SourceTitle "playchess.com"]
[Source "ChessBase"]
[SourceQuality "1"]

1. e4 e5 2. Nf3 Nc6 3. Bc4 Bc5 4. O-O d6 5. c3 Nf6 6. d4 Bb6 7. dxe5 Nxe5 8. Nxe5 dxe5 9. Qxd8+ Kxd8 10. Bg5 Ke7 11. Nd2 Be6 12. Kh1 h6 13. Bh4 g5 14. Bg3 Nd7 15. Bxe6 Kxe6 16. Nc4 Rad8 17. f3 f6 18. Bf2 Bxf2 19. Rxf2 Nc5 20. Ne3 Rd7 21. h3 h5 22. c4 Rhd8 23. Raf1 Nd3 24. Rd2 Nf4 25. Rdf2 h4 26. Nd5 c6 27. Ne3 Rd4 28. b4 Nd3 29. Re2 b6 30. b5 Nf4 31. Ree1 Nd3 32. Rb1 c5 33. Rb3 Nf4 34. Rf2 Rd3 35. Nd5 Rxb3 36. axb3 Nxd5 37. cxd5+ Kd6 38. Kh2 Rf8 39. g3 f5 40. Kg2 f4 41. g4 Rc8 42. Rc2 Rc7 43. Kf2 Rc8 44. Ke2 Rc7 45. Kd3 Rc8 46. Kc3 Rc7 47. Kc4 Rc8 48. Ra2 Rc7 49. Rc2 Rc8 50. Kc3 Rc7 51. Kb2 Rc8 52. Ka3 Rc7 53. Ka4 Rc8 54. b4 Rc7 55. Kb3 c4+ 56. Kc3 Rc8 57. Rd2 Rc7 58. Ra2 Rb7 1/2-1/2

[Event "Turkey Cup 2020"]
[Site "Antalya-Belek"]
[Date "2020.01.26"]
[Round "1.82"]
[White "Celiktas, Sami"]
[Black "Suzan, Ufuk"]
[Result "0-1"]
[WhiteElo "1448"]
[BlackElo "1861"]
[Annotator "NA"]
[PlyCount "82"]
[EventDate "2020.01.26"]
[EventType "swiss"]
[EventCountry "TUR"]
[SourceTitle "playchess.com"]
[Source "ChessBase"]
[SourceQuality "1"]

1. e4 e5 2. Nf3 Nc6 3. Bb5 a6 4. Ba4 Nf6 5. d3 d6 6. c3 Be7 7. O-O O-O 8. Re1 b5 9. Bc2 Na5 10. Nbd2 Re8 11. Nf1 Bf8 12. Bg5 h6 13. Bxf6 Qxf6 14. Ne3 Nc6 15. Nd5 Qd8 16. a4 Rb8 17. axb5 axb5 18. d4 Bg4 19. Re3 exd4 20. cxd4 Ne7 21. Nf4 g5 22. Ne2 Bg7 23. h3 Bc8 24. Qd3 c5 25. dxc5 dxc5 26. Qxd8 Rxd8 27. Rb1 Be6 28. b3 Nc6 29. g4 Nb4 30. Ne1 Rd2 31. Bd3 Ra2 32. e5 Nd5 33. Rf3 Bxe5 34. Ng3 Nb4 35. Bf5 Bd5 36. Re3 Bd4 37. Re2 Ra3 38. Nh5 Bxb3 39. Ng2 Bc4 40. Re7 Nd5 41. Re4 Nc3 0-1

[Event "Turkey Cup 2020"]
[Site "Antalya-Belek"]
[Date "2020.01.26"]
[Round "1.83"]
[White "Aysoy, Veysi"]
[Black "Cebis, Ahmet"]
[Result "0-1"]
[WhiteElo "1869"]
[BlackElo "1512"]
[Annotator "NA"]
[PlyCount "88"]
[EventDate "2020.01.26"]
[EventType "swiss"]
[EventCountry "TUR"]
[SourceTitle "playchess.com"]
[Source "ChessBase"]
[SourceQuality "1"]

1. e4 c6 2. d3 d5 3. Nd2 dxe4 4. dxe4 Qc7 5. Bc4 Nf6 6. Ngf3 Nbd7 7. c3 e6 8. O-O Ne5 9. Be2 Bc5 10. b4 Be7 11. Qc2 Ng6 12. Re1 O-O 13. Bf1 c5 14. b5 b6 15. a4 a5 16. bxa6 Bxa6 17. Bxa6 Rxa6 18. Qd3 Rfa8 19. Qb5 Ra5 20. Qb3 b5 21. Rb1 c4 22. Qc2 bxa4 23. Qa2 a3 24. g3 Nd7 25. Nxc4 Ra4 26. Nfd2 Nge5 27. Nxe5 Nxe5 28. Rb3 Nd3 29. Rf1 Qd6 30. c4 Nb4 31. Rxb4 Qxb4 32. Kg2 Bf6 33. f4 Bb2 34. f5 Bxc1 35. Rxc1 Qb2 36. Qxb2 axb2 37. Rb1 exf5 38. Kf3 fxe4+ 39. Kxe4 Rb8 40. Kd3 Ra1 41. Kc3 Rxb1 42. Nxb1 Kf8 43. Kc2 Ke7 44. Nc3 Kd6 0-1

[Event "Turkey Cup 2020"]
[Site "Antalya-Belek"]
[Date "2020.01.26"]
[Round "1.84"]
[White "Ilbay, Hakki"]
[Black "Yarar, Bora"]
[Result "0-1"]
[WhiteElo "1437"]
[BlackElo "1871"]
[Annotator "NA"]
[PlyCount "128"]
[EventDate "2020.01.26"]
[EventType "swiss"]
[EventCountry "TUR"]
[SourceTitle "playchess.com"]
[Source "ChessBase"]
[SourceQuality "1"]

1. e4 c5 2. Nc3 e6 3. g3 Nc6 4. Bg2 g6 5. d3 Bg7 6. Nge2 Nge7 7. O-O O-O 8. Be3 Nd4 9. Qd2 Re8 10. f4 d6 11. Rf2 Rb8 12. Raf1 f5 13. Nd1 b5 14. c3 Nxe2+ 15. Qxe2 Qa5 16. b3 b4 17. c4 Bb7 18. g4 Ba8 19. h4 Nc6 20. Qf3 Nd4 21. Qg3 Qc7 22. Rd2 Qf7 23. Rdf2 a5 24. e5 dxe5 25. fxe5 Qc7 26. Bf4 Rf8 27. Bxa8 Rxa8 28. h5 Nc6 29. hxg6 hxg6 30. gxf5 gxf5 31. Rg2 Rf7 32. Nf2 Rd8 33. Re1 Rd4 34. Bh6 Kf8 35. Qg6 Bxh6 36. Qxh6+ Ke7 37. Qg5+ Kd7 38. Qg3 Kc8 39. Qg6 Qd7 40. Re3 Kb7 41. Rh3 Nxe5 42. Qg8 Ng4 43. Rh8 Ka6 44. Qa8+ Qa7 45. Qc6+ Qb6 46. Qa8+ Ra7 47. Qc8+ Rb7 48. Nxg4 Rxg4 49. Rxg4 fxg4 50. Rh6 Ka7 51. Rh8 Qd6 52. Qa8+ Kb6 53. Qd8+ Qxd8 54. Rxd8 Kc6 55. Rg8 Rd7 56. Rxg4 Rxd3 57. Rg2 a4 58. Rb2 a3 59. Re2 Kd6 60. Kf1 Rd1+ 61. Kf2 Rb1 62. Rd2+ Ke5 63. Re2+ Kf5 64. Ke3 Rb2 0-1

[Event "Turkey Cup 2020"]
[Site "Antalya-Belek"]
[Date "2020.01.26"]
[Round "1.86"]
[White "Bayramiclilar, Yusuf Ruzgar"]
[Black "Arpa, Emre"]
[Result "0-1"]
[WhiteElo "1331"]
[BlackElo "1815"]
[Annotator "NA"]
[PlyCount "69"]
[EventDate "2020.01.26"]
[EventType "swiss"]
[EventCountry "TUR"]
[SourceTitle "playchess.com"]
[Source "ChessBase"]
[SourceQuality "1"]

1. d4 d5 2. c4 Nc6 3. Nf3 e6 4. Nc3 Nf6 5. Bg5 Be7 6. e3 O-O 7. Bd3 Nb4 8. Be2 Ne4 9. Bxe7 Qxe7 10. O-O Nxc3 11. bxc3 Nc6 12. Rb1 b6 13. Qc2 Ba6 14. cxd5 Bxe2 15. Qxe2 exd5 16. Qb5 Qd6 17. Rfc1 Na5 18. Nd2 Rfe8 19. c4 c6 20. Qb2 Qe6 21. c5 b5 22. Qb4 Nc4 23. Nb3 a5 24. Qe1 a4 25. Nd2 Rad8 26. Nf1 Qg6 27. Ng3 f5 28. Ne2 Qh6 29. g3 Nxe3 30. Kh1 Ng4 31. h4 g5 32. Qd2 Nxf2+ 33. Kg2 Ng4 34. Rh1 Ne3+ 35. Kf2 0-1

[Event "Turkey Cup 2020"]
[Site "Antalya-Belek"]
[Date "2020.01.26"]
[Round "1.87"]
[White "Aydogdu, Selcan Ayberk"]
[Black "Ikizler, Metin"]
[Result "1-0"]
[WhiteElo "1940"]
[BlackElo "1555"]
[Annotator "NA"]
[PlyCount "57"]
[EventDate "2020.01.26"]
[EventType "swiss"]
[EventCountry "TUR"]
[SourceTitle "playchess.com"]
[Source "ChessBase"]
[SourceQuality "1"]

1. d4 c6 2. c4 Nf6 3. Nf3 d5 4. e3 e6 5. Bd3 dxc4 6. Bxc4 Bb4+ 7. Bd2 Bxd2+ 8. Nbxd2 O-O 9. O-O Nbd7 10. Qc2 c5 11. Rfd1 cxd4 12. Nxd4 Ne5 13. Be2 Bd7 14. Qb3 Rb8 15. Rac1 Qe8 16. Qa3 a6 17. N2b3 Ba4 18. Rd2 Ne4 19. Rdc2 a5 20. Rc7 b5 21. Nc5 Nd2 22. b3 Qd8 23. Ra7 Rc8 24. bxa4 Ndc4 25. Bxc4 Nxc4 26. Qc3 Rxc5 27. Nxe6 Ne5 28. Qxc5 fxe6 29. Qxe5 1-0

[Event "Turkey Cup 2020"]
[Site "Antalya-Belek"]
[Date "2020.01.26"]
[Round "1.88"]
[White "Keskec, Yaser"]
[Black "Kaptan, Emre Akin"]
[Result "0-1"]
[WhiteElo "1450"]
[BlackElo "1869"]
[Annotator "NA"]
[PlyCount "123"]
[EventDate "2020.01.26"]
[EventType "swiss"]
[EventCountry "TUR"]
[SourceTitle "playchess.com"]
[Source "ChessBase"]
[SourceQuality "1"]

1. e4 c5 2. c4 Nc6 3. Nf3 d6 4. d4 cxd4 5. Nxd4 Nf6 6. Nc3 g6 7. Be2 Bg7 8. Be3 Bd7 9. O-O O-O 10. Qd2 Rc8 11. Rac1 Ne5 12. b3 Re8 13. h3 a6 14. f4 Nc6 15. Rf2 Qa5 16. Bd3 e5 17. Nde2 Rcd8 18. Bb1 Bc8 19. Rcf1 Nh5 20. f5 Nf4 21. Qc1 g5 22. Kh2 h6 23. g3 Nxe2 24. Rxe2 Nd4 25. Ref2 f6 26. Bd3 Bd7 27. Bxd4 exd4 28. Nd1 Bc6 29. Re2 b5 30. Nf2 Rc8 31. Qb2 Qb6 32. Rd1 Bf8 33. cxb5 axb5 34. Bb1 d5 35. Rxd4 Bc5 36. Rd1 Bxf2 37. Rxf2 dxe4 38. Re2 Bb7 39. Rde1 e3 40. Bd3 Bf3 41. Rc2 e2 42. Rexe2 Bxe2 43. Rxe2 Rxe2+ 44. Qxe2 Qc6 45. Qh5 Qd7 46. Qxh6 Qxd3 47. Qg6+ Kf8 48. Qxf6+ Ke8 49. Qe6+ Kd8 50. Qf6+ Kc7 51. Qxg5 Kb7 52. h4 Rc2+ 53. Kh3 Qf1+ 54. Kg4 Qd1+ 55. Kh3 Qh1+ 56. Kg4 Qd1+ 57. Kh3 Rc7 58. h5 Rd7 59. Kh4 Rd4+ 60. g4 Qe1+ 61. Kh3 Rd3+ 62. Kh2 0-1

[Event "Turkey Cup 2020"]
[Site "Antalya-Belek"]
[Date "2020.01.26"]
[Round "1.89"]
[White "Uzuner, Tufan Can"]
[Black "Suvar, Necati"]
[Result "1-0"]
[WhiteElo "1939"]
[BlackElo "1359"]
[Annotator "NA"]
[PlyCount "117"]
[EventDate "2020.01.26"]
[EventType "swiss"]
[EventCountry "TUR"]
[SourceTitle "playchess.com"]
[Source "ChessBase"]
[SourceQuality "1"]

1. d4 Nf6 2. Nf3 g6 3. c4 Bg7 4. Nc3 d5 5. Qb3 c6 6. g3 O-O 7. Bg2 Na6 8. cxd5 Nxd5 9. O-O Nac7 10. e4 Nf6 11. h3 Rb8 12. Be3 Be6 13. Qc2 Qc8 14. Kh2 h6 15. Ne5 Nd7 16. f4 Nxe5 17. dxe5 b6 18. f5 gxf5 19. exf5 Bc4 20. f6 exf6 21. Rf4 Qe6 22. exf6 Qxe3 23. fxg7 Rfd8 24. Rxc4 Rd2 25. Qe4 Qf2 26. Rg1 Ne6 27. Qe1 Rxb2 28. Qxf2 Rxf2 29. Kh1 c5 30. Rg4 Nxg7 31. Bd5 Kf8 32. Ne4 Rf5 33. Nc3 Rd8 34. Be4 Rf6 35. Rf4 Rxf4 36. gxf4 Rd2 37. Rg2 Rd4 38. f5 f6 39. Bc2 b5 40. Nxb5 Rf4 41. Nxa7 Nxf5 42. Bxf5 Rxf5 43. Nb5 c4 44. Nd4 Rf1+ 45. Kh2 Rd1 46. Nc2 Ke7 47. Kg3 Rd3+ 48. Kg4 c3 49. Rg3 h5+ 50. Kf4 Rxg3 51. Kxg3 Kd6 52. Kf3 Kd5 53. h4 Kc4 54. Ke4 f5+ 55. Kxf5 Kd3 56. Nb4+ Kc4 57. Nc2 Kd3 58. Na3 Kd2 59. Nb1+ 1-0

[Event "Turkey Cup 2020"]
[Site "Antalya-Belek"]
[Date "2020.01.26"]
[Round "1.90"]
[White "Saygili, Adnan Mesih"]
[Black "Tum, Hakan"]
[Result "0-1"]
[WhiteElo "1545"]
[BlackElo "1852"]
[Annotator "NA"]
[PlyCount "64"]
[EventDate "2020.01.26"]
[EventType "swiss"]
[EventCountry "TUR"]
[SourceTitle "playchess.com"]
[Source "ChessBase"]
[SourceQuality "1"]

1. e4 d5 2. exd5 Qxd5 3. Nc3 Qa5 4. d4 Nf6 5. Nf3 Bg4 6. h3 Bh5 7. g4 Bg6 8. Ne5 c6 9. Bg2 Nbd7 10. Nxg6 hxg6 11. Qd3 e6 12. Bd2 Qc7 13. O-O-O O-O-O 14. Bg5 Bb4 15. Qc4 Qa5 16. Bd2 Nb6 17. Qb3 Rxd4 18. Be3 Rd7 19. Ne2 Rhd8 20. c3 Bc5 21. Nd4 Nbd5 22. Nc2 Nxe3 23. Nxe3 Bxe3+ 24. fxe3 Qe5 25. Rde1 Rd2 26. Bf3 Rf2 27. Bd1 Rdd2 28. Qa3 Rxb2 29. Qxb2 Rxb2 30. Kxb2 Ne4 31. Bb3 Qxc3+ 32. Ka3 Nd2 0-1

[Event "Turkey Cup 2020"]
[Site "Antalya-Belek"]
[Date "2020.01.26"]
[Round "1.91"]
[White "Canbulan, Arda"]
[Black "Durucay, Ethem"]
[Result "1-0"]
[WhiteElo "1840"]
[BlackElo "1412"]
[Annotator "NA"]
[PlyCount "53"]
[EventDate "2020.01.26"]
[EventType "swiss"]
[EventCountry "TUR"]
[SourceTitle "playchess.com"]
[Source "ChessBase"]
[SourceQuality "1"]

1. e4 d5 2. exd5 Qxd5 3. Nc3 Qa5 4. d4 c6 5. Nf3 Bg4 6. h3 Bxf3 7. Qxf3 e6 8. Bd3 Nf6 9. O-O Nbd7 10. Ne4 Be7 11. Qg3 Nxe4 12. Bxe4 O-O-O 13. Qxg7 Rdf8 14. Qg3 h5 15. Bf4 h4 16. Qc3 Qxc3 17. bxc3 Rfg8 18. Rab1 Nb6 19. Rb3 Bg5 20. Be5 Rh6 21. Rfb1 f5 22. Bf3 Rh7 23. Ra3 Bd8 24. Rxa7 Rg6 25. Bxc6 f4 26. Rxb6 bxc6 27. Rxc6+ 1-0

[Event "Turkey Cup 2020"]
[Site "Antalya-Belek"]
[Date "2020.01.26"]
[Round "1.92"]
[White "Ozsoy, Damla"]
[Black "Cam, Vedat"]
[Result "0-1"]
[WhiteElo "1440"]
[BlackElo "1879"]
[Annotator "NA"]
[PlyCount "82"]
[EventDate "2020.01.26"]
[EventType "swiss"]
[EventCountry "TUR"]
[SourceTitle "playchess.com"]
[Source "ChessBase"]
[SourceQuality "1"]

1. e4 d6 2. d4 Nf6 3. Nd2 e5 4. d5 Be7 5. Ngf3 Nbd7 6. Bb5 O-O 7. Bxd7 Bxd7 8. O-O Bg4 9. c3 c6 10. dxc6 bxc6 11. Qc2 Qc7 12. Re1 Rad8 13. b3 Nh5 14. h3 Bc8 15. Bb2 Nf4 16. c4 c5 17. Nf1 Qd7 18. Rad1 Qe6 19. Bc1 Nxg2 20. Kxg2 Qxh3+ 21. Kg1 Qxf3 22. Rd3 Qh5 23. Qc3 f5 24. Rh3 Qf7 25. Rh2 f4 26. Qf3 g5 27. Qh1 g4 28. Bd2 Bg5 29. Bc1 Qg6 30. Rd1 Kg7 31. Rg2 h5 32. Bd2 h4 33. Re1 Rh8 34. Bc1 Kf7 35. Rh2 Qf6 36. Rd1 Ke7 37. Re1 Rdf8 38. Rd1 Be6 39. Nd2 g3 40. fxg3 fxg3 41. Rg2 Be3+ 0-1

[Event "Turkey Cup 2020"]
[Site "Antalya-Belek"]
[Date "2020.01.26"]
[Round "1.93"]
[White "Gunay, Mehmet Eren"]
[Black "Engin, Cagla"]
[Result "1-0"]
[WhiteElo "1803"]
[BlackElo "1418"]
[Annotator "NA"]
[PlyCount "63"]
[EventDate "2020.01.26"]
[EventType "swiss"]
[EventCountry "TUR"]
[SourceTitle "playchess.com"]
[Source "ChessBase"]
[SourceQuality "1"]

1. e4 d5 2. exd5 Qxd5 3. Nc3 Qa5 4. d4 Bf5 5. Nf3 c6 6. Bc4 e6 7. Bd2 Qc7 8. O-O Nf6 9. Re1 Be7 10. Ne5 O-O 11. Qe2 Nbd7 12. Bf4 Bd6 13. h3 h6 14. Rad1 Nb6 15. Bd3 Bxd3 16. Rxd3 Nbd5 17. Bd2 Rfe8 18. Rg3 Kf8 19. Qf3 Qe7 20. Ne4 Nxe4 21. Ng6+ Kg8 22. Nxe7+ Rxe7 23. Rxe4 Bxg3 24. Qxg3 f5 25. Re5 g5 26. h4 Nf6 27. hxg5 Ne4 28. Rxe4 fxe4 29. gxh6+ Kh7 30. Qh4 Rae8 31. Qxe4+ Kh8 32. Bf4 1-0

[Event "Turkey Cup 2020"]
[Site "Antalya-Belek"]
[Date "2020.01.26"]
[Round "1.94"]
[White "Sarioglu, Burak"]
[Black "Kalemler, Kaan"]
[Result "0-1"]
[WhiteElo "1262"]
[BlackElo "1841"]
[Annotator "NA"]
[PlyCount "50"]
[EventDate "2020.01.26"]
[EventType "swiss"]
[EventCountry "TUR"]
[SourceTitle "playchess.com"]
[Source "ChessBase"]
[SourceQuality "1"]

1. e4 g6 2. Nf3 Bg7 3. g3 c5 4. Bg2 Nc6 5. c3 d6 6. d3 e5 7. O-O Nge7 8. a3 h6 9. b4 Be6 10. Nbd2 O-O 11. Nb3 cxb4 12. axb4 f5 13. b5 Qb6 14. Be3 Qxb5 15. c4 Qb4 16. Rb1 fxe4 17. Nc5 Qa5 18. Rb5 exf3 19. Nxe6 fxg2 20. Kxg2 Qa2 21. Nxf8 Rxf8 22. g4 e4 23. Rxb7 Qa6 24. Qb3 Na5 25. Qa4 Qxb7 0-1

[Event "Turkey Cup 2020"]
[Site "Antalya-Belek"]
[Date "2020.01.26"]
[Round "1.95"]
[White "Bek, Emir"]
[Black "Sener, Berke"]
[Result "1-0"]
[WhiteElo "1829"]
[BlackElo "1324"]
[Annotator "NA"]
[PlyCount "85"]
[EventDate "2020.01.26"]
[EventType "swiss"]
[EventCountry "TUR"]
[SourceTitle "playchess.com"]
[Source "ChessBase"]
[SourceQuality "1"]

1. d4 Nf6 2. c4 e6 3. Nc3 d5 4. Nf3 c5 5. Bg5 Be7 6. dxc5 Qa5 7. cxd5 Nxd5 8. Bd2 Qxc5 9. e4 Nf6 10. Rc1 Qb6 11. e5 Nfd7 12. Qa4 Nc6 13. Bb5 O-O 14. Qe4 Rd8 15. Be3 Qc7 16. Bf4 Nc5 17. Qe3 a6 18. Be2 b5 19. O-O Bb7 20. Nd2 Nd4 21. b4 Nxe2+ 22. Nxe2 Qc6 23. Nf3 Rd3 24. Rxc5 Rxe3 25. Rxc6 Rxe2 26. Rc7 Bxf3 27. Rxe7 Bd5 28. a3 Ra2 29. Bc1 h6 30. Rc7 Re2 31. Bf4 g5 32. Be3 Kg7 33. Rfc1 Bc4 34. h3 Kg6 35. Rd1 Bd5 36. Rd4 h5 37. h4 gxh4 38. Rf4 Re1+ 39. Kh2 h3 40. Rf6+ Kg7 41. Rfxf7+ Kg8 42. Rg7+ Kf8 43. Bc5+ 1-0